| 000 | 00969nam a22003017a 4500 | ||
|---|---|---|---|
| 003 | CHAP | ||
| 005 | 20220329141626.0 | ||
| 008 | 971013s1926 r 00010 d | ||
| 010 | _a71244 | ||
| 011 | _a72216 | ||
| 035 | _a81770 | ||
| 040 | _cCHAP | ||
| 082 |
_a917.2 _bG3 |
||
| 100 | 0 | 0 |
_aGalindo y Villa, Jesús. _944315 |
| 245 | _aGeografía de la República Mexicana | ||
| 260 |
_aMéxico, D.F. : _bSociedad de Edición y Librería Franco Americana, _c1926-27 |
||
| 300 | _a2 v. | ||
| 590 |
_aBATCH-UPD _b10 _c20130110 _lUCH01 _h1932 |
||
| 590 |
_aBATCH-UPD _b10 _c20130410 _lUCH01 _h1257 |
||
| 590 |
_aBATCH-UPD _b10 _c20130914 _lUCH01 _h1539 |
||
| 590 |
_aCONVERSION _b10 _c20130109 _lUCH01 _h1339 |
||
| 650 | 1 | 4 |
_aGeografía física. _947590 |
| 650 | 1 | 4 |
_aMéxico _xGeografía. _976748 |
| 901 | _aBK | ||
| 942 | _cLIBRO | ||
| 949 |
_a917.2 G3 _bBC _cBPA _d-35387 _eBPA _fv.1 _h25707 _i81770 _si |
||
| 949 |
_a917.2 G3 _bBC _cBPA _d33724002020702 _eBPA _fv.2 _h25708 _i81770 _si |
||
| 999 |
_c71244 _d71244 |
||